Sports Quiz

Random Sports Quiz

VHSL Mascots Quiz Stats

 Plays Quiz not verified by Sporcle

Challenge
Share
Tweet
Embed
Score 0/120 Timer 16:00
0 Plays Today
# of Schools Mascot % Correct
7Tigers
90.3%
19Eagles
87.8%
3Lions
83.5%
3Bears
83.2%
11Cavaliers
81.6%
11Warriors
80.8%
10Bulldogs
80%
7Indians
80%
7Patriots
78.6%
1Black Knights
78.6%
10Panthers
77.6%
8Knights
77%
10Cougars
76.2%
8Falcons
73%
3Hornets
72.7%
8Raiders
72.2%
7Blue Devils
72.2%
7Wildcats
71.9%
5Spartans
70%
5Hawks
69.2%
6Titans
66.8%
4Rebels
66.2%
4Yellow Jackets
64.9%
5Bruins
64.3%
3Mustangs
63.5%
1Bees
63.2%
4Vikings
63.2%
1Atoms
61.6%
5Generals
61.6%
1Dolphins
61.6%
5Rams
61.4%
2Jaguars
60.5%
1Red Devils
60.5%
3Colonels
59.2%
5Chargers
58.4%
2Mountaineers
57.3%
2Bobcats
56.2%
1Fighting Blues
56.2%
1Green Wave/Greenwave
55.1%
1Broncos
54.1%
# of Schools Mascot % Correct
4Wolverines
53.5%
1Flying Flucos
52.4%
1Bengals
51.9%
1Demons
51.6%
2Colonials
51.6%
1Devils
51.1%
4Dragons
50.8%
5Trojans
50.3%
1Bison
50%
2Highlanders
50%
1Wolfpack
49.4%
6Pioneers
49.2%
1Blue Tornado
48.4%
1Terriers
48.1%
1Buffaloes
47.6%
1Crabbers
47.6%
1Wolves
47.4%
2Hurricanes
47.3%
2Chiefs
47.3%
1Packers
45.9%
1Golden Eagles
45.9%
1G-Men
45.7%
3Lancers
45.1%
2Monarchs
44.9%
1Seahawks
44.3%
1Maroons
44.1%
1Bearcats
43%
1Trailblazers
42.7%
3Dukes
42.4%
1Minutemen
41.9%
1Islanders
41.9%
1Ponies
41.6%
1Phantoms
41.6%
1Presidents
41.6%
2Stallions
41.4%
1Governors
41.4%
1Skyhawks
40.8%
1Fighting Leemen
40.8%
1Little Giants
40.8%
1Gobblers
39.7%
# of Schools Mascot % Correct
1Blue Streaks
39.7%
1Rockets
39.2%
1Judges
38.9%
1Hilltoppers
38.6%
1Braves (Fighting)
38.6%
1Sun Devils
38.4%
1Royals
37.6%
1Grizzlies
37.3%
1Golden Wave
37.3%
1Foxes
36.8%
1Springers
36.5%
1Marlins
36.2%
1Black Hawks
35.7%
1Majors
35.7%
1Truckers
34.6%
1Barons
34.1%
1Green Hornets
34.1%
1Maroon Tide
33.8%
1Clippers
33.5%
1Pride
33.5%
1Rapids
33.2%
1Huskies
33.2%
1Cyclones
33%
2Comets
32.7%
1Justices
32.4%
1Pointers
32.4%
1Warhawks
32.2%
1Gladiators
31.6%
1Saxons
31.4%
1Drifters
31.1%
1Cobras
31.1%
1Commodores
30.8%
2Statesmen
30.5%
1Crimson Wave
30.5%
1Greyhounds
29.7%
1Mighty Bookers
29.5%
1Confederates
29.5%
1Phoenix
29.1%
1Firebirds
25.1%
1Pilots
24.3%

You're not logged in!

Compare scores with friends on all Sporcle quizzes.
OR
Log In

You Might Also Like...

Show Comments

Extras

Created Jan 26, 2013ReportNominate
Tags:league, mascot, nickname, school

Top Quizzes Today


Score Distribution

Your Account Isn't Verified!

In order to create a playlist on Sporcle, you need to verify the email address you used during registration. Go to your Sporcle Settings to finish the process.

Report this User

Report this user for behavior that violates our Community Guidelines.

Details: